00554nam a22001457a 4500003000400000008004100004082001900045100002100064245014700085260005600232300001800288650002700306650004900333650002600382OSt240111b1994 |||||||| |||| 00| 0 eng d a658.402bWES-E aWest, Michael A. aEffective Teamwork :bprofessor of work and organizational psychology institute of work psychology university of sheffield /cMichael A. West. aNew Delhi :bBritish Psychological society ,c1994. axvi, 127 p. ; aTeams in the workplace aTeams in the workplace-Psychological aspects aGroup decision making